00987 2200349 4500001002100000005001500021035002000036007000300056040001700059100003300076245004800109250002000157300003700177020001800214041000800232082001100240084001700251090002600268264003100294336002100325337003000346338002300376650000900399850001000408008004100418500002900459504002500488700005300513700003500566990001800601990001800619INLIS00000000000491120260516075622 a0010-0222000001ta aSBPUPADbind0 aSamsul Munir AminePengarang1 aMenanti Sang Buah Hati /cSamsul Munir Amin a.-Ed. 1, Cet. 2 axvi, 218 hal. :billus. ;c19 cm a979-9392-93-4 aind a2X6.13 a2X6.13 SAM m a2X6.13 SAM m 2 4 R 19 a.--Jakarta :bAmzah,c2010 2rdacontentaTeks 2rdamediaaTanpa Perantara 2rdacarrieraVolume 4aAnak aPUPAD260516 0  aProfile Penulis, hlm 215 abibliografi, hlm 211 aPengarang ke-2, Indariati AL-HafidzohePengarang aEditor, M.ZikrullahePengarang a17005/BR/2012 a17008/BR/2012